Pokémon - Alle Attacken von Sandamer - Statistiken

Allgemein
  • Dieses Quiz wurde 2 mal gespielt
  • Das Durchschnittsergebnis liegt bei 52 aus 125
Antwortstatistiken
Typ Kategorie Attacke % Korrekt
Psycho Status Agilität
100%
Normal Physisch Bodycheck
100%
Normal Physisch Bodyslam
100%
Normal Status Doppelteam
100%
Normal Status Einigler
100%
Boden Physisch Erdbeben
100%
Psycho Status Erholung
100%
Geist Status Fluch
100%
Normal Physisch Frustration
100%
Boden Physisch Geofissur
100%
Gift Physisch Giftstachel
100%
Normal Spezial Hyperstrahl
100%
Boden Physisch Intensität
100%
Normal Physisch Kratzer
100%
Normal Physisch Kratzfurie
100%
Normal Physisch Kraxler
100%
Boden Spezial Lehmschelle
100%
Boden Spezial Lehmschuss
100%
Normal Physisch Rückkehr
100%
Boden Physisch Sandgrab
100%
Gestein Status Sandsturm
100%
Boden Status Sandwirbel
100%
Kampf Status Scanner
100%
Boden Physisch Schaufler
100%
Normal Status Schlafrede
100%
Normal Physisch Schlitzer
100%
Normal Status Schutzschild
100%
Normal Physisch Stärke
100%
Gift Status Toxin
100%
Gestein Physisch Walzer
100%
Normal Physisch Zerschneider
100%
Kampf Physisch Zertrümmerer
100%
Flug Physisch Aero-Ass
50%
Psycho Status Amnesie
50%
Normal Status Angeberei
50%
Normal Status Anziehung
50%
Käfer Physisch Blutsauger
50%
Normal Status Bodyguard
50%
Normal Status Delegator
50%
Kampf Physisch Durchbruch
50%
Stahl Physisch Eisenschweif
50%
Boden Spezial Erdkräfte
50%
Normal Physisch Fassade
50%
Gestein Physisch Felsgrab
50%
Kampf Spezial Fokusstoß
50%
Normal Physisch Geduld
50%
Normal Physisch Geheimpower
50%
Kampf Physisch Geowurf
50%
Gift Physisch Gifthieb
50%
Normal Physisch Gigastoß
50%
Stahl Physisch Gyroball
50%
Unlicht Status Klauenwetzer
50%
Kampf Physisch Konter
50%
Normal Physisch Kopfnuss
50%
Normal Spezial Kraftreserve
50%
Käfer Physisch Kreuzschere
50%
Käfer Physisch Nadelrakete
50%
Boden Physisch Pferdestärke
50%
Unlicht Physisch Raub
50%
Normal Physisch Risikotackle
50%
Normal Physisch Schädelwumme
50%
Boden Physisch Schlagbohrer
50%
Normal Spezial Schnarcher
50%
Normal Status Schwerttanz
50%
Feuer Status Sonnentag
50%
Boden Status Stachler
50%
Gestein Physisch Steinhagel
50%
Gestein Physisch Steinkante
50%
Normal Spezial Sternschauer
50%
Normal Physisch Turbodreher
50%
Normal Physisch Zermalmklaue
50%
Käfer Physisch Zornklinge
50%
Unlicht Physisch Abschlag
0%
Gestein Z Apokalyptische Steinpresse
0%
Normal Status Ausdauer
0%
Normal Physisch Beerenkräfte
0%
Normal Physisch Bezirzer
0%
Boden Spezial Brandsand
0%
Boden Physisch Dampfwalze
0%
Normal Physisch Dreschflegel
0%
Geist Physisch Dunkelklaue
0%
Normal Dynamax Dyna-Angriff
0%
Gestein Dynamax Dyna-Brocken
0%
Unlicht Dynamax Dyna-Dunkel
0%
Boden Dynamax Dyna-Erdstoß
0%
Kampf Dynamax Dyna-Faust
0%
Gift Dynamax Dyna-Giftschwall
0%
Käfer Dynamax Dyna-Schwarm
0%
Geist Dynamax Dyna-Spuk
0%
Stahl Dynamax Dyna-Stahlzacken
0%
Normal Dynamax Dyna-Wall
0%
Stahl Physisch Eisenwalze
0%
Geist Z Ewige Nacht
0%
Flug Z Finaler Steilflug
0%
Boden Physisch Fruststampfer
0%
Kampf Z Fulminante Faustschläge
0%
Kampf Physisch Fußkick
0%
Normal Z Hyper-Sprintangriff
0%
Normal Spezial Kanon
0%
Gestein Physisch Katapult
0%
Normal Status Kraftschub
0%
Normal Status Liebreiz
0%
Stahl Physisch Metallklaue
0%
Normal Status Mimikry
0%
Gift Physisch Mülltreffer
0%
Unlicht Physisch Nachthieb
0%
Unlicht Physisch Neck Strike
0%
Normal Physisch Notsituation
0%
Boden Status Pflüger
0%
Kampf Physisch Power-Punch
0%
Normal Physisch Raserei
0%
Unlicht Physisch Schleuder
0%
Unlicht Z Schwarzes Loch des Grauens
0%
Boden Z Seismische Eruption
0%
Normal Physisch Superzahn
0%
Gestein Status Tarnsteine
0%
Normal Spezial Tera-Ausbruch
0%
Normal Physisch Trugschlag
0%
Stahl Z Turbo-Spiralkombo
0%
Kampf Physisch Überroller
0%
Gift Z Vernichtender Säureregen
0%
Normal Status Vertrauenssache
0%
Käfer Z Wirbelnder Insektenhieb
0%
Kampf Physisch Wuchtschlag
0%
Normal Physisch Zermürben
0%
Keine übereinstimmenden Quizze gefunden
Verteilung der Resultate
Anzahl Personen mit jedem Resultat
Perzentil nach korrekt beantworteten Fragen
Ihre Resultats-Entwicklung
Sie haben dieses Quiz noch nicht gespielt